| 000 | 00528nam a2200205Ia 4500 | ||
|---|---|---|---|
| 003 | OSt | ||
| 005 | 20240104151214.0 | ||
| 008 | 210210b1977 xxu||||| |||| 00| 0 eng d | ||
| 040 | _cAL | ||
| 041 | _aEnglish | ||
| 082 | _a546 PURP | ||
| 100 |
_aPURI (B R) & SHARMA (L R). _9147344 |
||
| 245 | _aPrinciples of inorganic chemistry | ||
| 260 |
_aN D _bS. Nagin & Co _c1977 |
||
| 300 | _aii,1104,vii | ||
| 650 |
_aInorganic Chemistry _9147345 |
||
| 690 |
_aInorganic Chemistry _9147345 |
||
| 906 | _aCC00220 | ||
| 942 |
_2ddc _cBK |
||
| 999 |
_c109049 _d109049 |
||